| 000 | 00746nam a2200265Ia 4500 | ||
|---|---|---|---|
| 003 | OSt | ||
| 005 | 20220925220711.0 | ||
| 006 | a|||||r|||| 00| 0 | ||
| 007 | ta | ||
| 008 | 220923b |||||||| |||| 00| 0 eng d | ||
| 020 | _a0333386973 | ||
| 037 | _cGeneral Book | ||
| 040 |
_aRTL _cRTL _beng |
||
| 041 |
_2eng _aeng |
||
| 082 | _aW, M7 | ||
| 100 |
_aDunleavy Patrick _9149794 |
||
| 245 | 0 |
_aTheories of the state _bThe politics of liberal |
|
| 260 |
_aLondon _bMacmillan _c1987 |
||
| 300 |
_axiii,382p _ccm. |
||
| 500 | _aBibliography: P 350-69 | ||
| 650 | _aPolitical Science | ||
| 700 |
_a O'Leary Brendan _9143618 |
||
| 942 |
_hW, M7 _cGB _2CC |
||
| 999 |
_c572116 _d572116 |
||